Top 25 American Football Players of All-Time - Statistics

General Stats
  • This quiz has been taken 655 times
  • The average score is 13 of 25
Answer Stats
Team Position / Championships Answer % Correct
Colts, Broncos Quarterback / 2 Titles Peyton Manning
88%
49ers, Raiders, Seahawks Wide Receiver / 3 Titles Jerry Rice
87%
Patriots Quarterback / 5 Titles Tom Brady
85%
49ers, Cheifs Quarterback / 4 Titles Joe Montana
82%
Browns Fullback / 1 Title Jim Brown
80%
Bears Running back / 1 Title Walter Payton
79%
Lions Running back Barry Sanders
75%
Giants Linebacker / 2 Titles Lawrence Taylor
74%
Dolphins Quarterback Dan Marino
72%
Broncos Quarterback / 2 Titles John Elway
62%
Showboats, Eagles, Packers, Panthers Defensive End / 1 Title Reggie White
57%
Steelers Defensive Tackle / 4 Titles Joe Greene
49%
Express, Buccaneers, 49ers Quarterback / 3 Titles Steve Young
45%
Colts, Chargers Quarterback / 4 Titles Johnny Unitas
44%
Bears Linebacker Dick Butkus
40%
Bengals, Buccaneers Offensive Tackle Anthony Munoz
37%
Browns Quarterback / 7 Titles Otto Graham
35%
49ers, Raiders, Jets, Cheifs Cornerback, Safety / 4 Titles Ronnie Lott
31%
Rams, Chargers, Redskins Defensive End Deacon Jones
27%
Steelers Middle Linebacker / 4 Titles Jack Lambert
24%
Redskins Quarterback, Defensive back, Punter / 2 Titles Sammy Baugh
24%
Vikings, Bears Defensive Tackle /1 Title Alan Page
20%
Packers Split End / 3 Titles Don Hutson
14%
Patriots Offensive Guard John Hannah
13%
Cowboys Defensive Tackle / 1 Title Bob Lilly
10%
No matching quizzes found
Score Distribution
Percent of People with Each Score
Percentile by Number Answered
Your Score History
You have not taken this quiz